000 00360nam a22001457a 4500
005 20251007120124.0
008 250929b |||||||| |||| 00| 0 eng d
020 _a978-93-48189-19-6
041 _aeng
100 _aCHATURVEDI, HARIHAR PRASAD
_98702
245 _aVISHWA-HINDI
260 _aUTTAR PRADESH
_bAKSHAR PLANT
_c2024
300 _a81;P
942 _cBK
999 _c8838
_d8836